Statistiques concernant Culture Générale - Série 1189

Cliquez ici pour prendre le quiz!

Statistiques générales

  • Ce quiz a été pris 50 fois
  • Le résultat moyen est 5 sur 10

Statistiques - réponses

Question Réponse % Correct
Selon le titre de la chanson de Rika Zaraï, on ira danser "sans chemise sans...pantalon
94%
Quelle zone du corps humain appelle-t-on communément le "dessous des bras" ?aisselle
90%
L'exercice de gymnastique qui consiste à se suspendre par les jambes à une barre, est appelé familièrement "le cochon...pendu
85%
En quelle année le paquebot Titanic a-t-il sombré ?1912
79%
Quelle est l'unité monétaire principale du Chili ?peso
60%
Sous quel nom connaît-on mieux le maréchal Philippe Marie de Hauteclocque ?Leclerc
46%
Quelle île, indépendante depuis 1966, a pour capitale Bridgetown ?Barbade
38%
Quel est le prénom du personnage incarné par Olivia de Havilland, dans “Autant en emporte le vent” ?Melanie
15%
Quel est le titre du dernier film réalisé par François Truffaut, en 1983 ?Vivement dimanche
8%
En 1914, quel général a réquisitionné les taxis parisiens pour conduire les soldats sur le front de la Marne ?Gallieni
8%

Distribution des résultats

Percentile par nombre de réponses

% des personnes avec chaque résultat

Votre développement - résultats

Vous n’avez pas pris ce quiz